[Event "Piacenza Ruscitti Memorial 2nd"]
[Site "Piacenza"]
[Date "2023.11.19"]
[Round "4"]
[White "Berzioli, Pietro Maria"]
[Black "Carrai, Giacomo"]
[Result "1-0"]
[WhiteElo "1272"]
[BlackElo "1594"]
[PlyCount "89"]
[EventDate "2023.11.18"]
[EventType "swiss"]
[EventRounds "5"]
[EventCountry "ITA"]
[SourceTitle "CB48_2023"]
[SourceDate "2023.11.29"]
[SourceVersion "1"]
[SourceVersionDate "2023.11.29"]
[SourceQuality "1"]

1. d4 Nf6 2. Nf3 g6 3. Bf4 d6 4. e3 Bg7 5. c3 b6 6. Bc4 0-0 7. Nbd2 Bb7 8. Qc2 Nbd7 9. 0-0 c5 10. h3 cxd4 11. exd4 Rc8 12. Bb3 Nd5 13. Bh2 N7f6 14. a3 Bh6 15. Rfe1 Bf4 16. Qd3 Bxh2+ 17. Kxh2 Qd7 18. Bxd5 Nxd5 19. Kg1 Nf4 20. Qe3 Nd5 21. Qd3 e6 22. Ne4 h6 23. Nh2 Kg7 24. g3 Ne7 25. Nd2 d5 26. Nhf3 Qc7 27. Rac1 Qb8 28. Ne5 Nf5 29. Nd7 Qc7 30. Nxf8 Kxf8 31. Nf1 Nd6 32. Ne3 b5 33. Ng4 Kg7 34. Qe3 Nf5 35. Qe5+ Qxe5 36. Nxe5 Nd6 37. Nd3 Nc4 38. Re2 a6 39. Nc5 Rc7 40. Ra1 Bc8 41. a4 bxa4 42. Rxa4 Ra7 43. b3 Nb6 44. Ra1 Ra8 45. Rea2 1-0

[Event "Piacenza Ruscitti Memorial 2nd"]
[Site "Piacenza"]
[Date "2023.11.18"]
[Round "1"]
[White "Decarli, Giuseppe"]
[Black "Berzioli, Pietro Maria"]
[Result "1-0"]
[WhiteElo "1637"]
[BlackElo "1272"]
[PlyCount "53"]
[EventDate "2023.11.18"]
[EventType "swiss"]
[EventRounds "5"]
[EventCountry "ITA"]
[SourceTitle "CB48_2023"]
[SourceDate "2023.11.29"]
[SourceVersion "1"]
[SourceVersionDate "2023.11.29"]
[SourceQuality "1"]

1. e4 c5 2. Nc3 Nc6 3. Bc4 e6 4. d3 Nf6 5. Bg5 Be7 6. Bxf6 Bxf6 7. Nge2 0-0 8. 0-0 Na5 9. Bb3 Nxb3 10. axb3 d5 11. Ng3 a6 12. Rb1 b5 13. f4 Bxc3 14. bxc3 dxe4 15. dxe4 Bb7 16. Qg4 Qf6 17. e5 Qg6 18. Qe2 Rad8 19. Rf2 Rd7 20. f5 exf5 21. Nxf5 Rfd8 22. Rbf1 Rf8 23. Rf4 Qe6 24. Qg4 Qg6 25. Qh3 Qe6 26. Rg4 f6 27. Nxg7 1-0